Państwa Europy posiadające pustynie - Statystyki

Ogólne statystyki
  • Ten quiz został rozwiązany 106 razy
  • Średni wynik to 8 z 10
Statystyki odpowiedzi
Odpowiedź % Poprawnych
Polska
99%
Hiszpania
97%
Włochy
92%
Grecja
88%
Portugalia
88%
Rosja
88%
Bułgaria
76%
Ukraina
76%
Serbia
57%
Dania
52%
Nie znaleziono quizów pasujących do podanych kryteriów
Rozkład punktacji
Procent ludzi z każdym wynikiem
Percentyl według liczby udzielonych odpowiedzi
Twoja historia wyników
Nie rozwiązałeś tego quizu